[Event "Jm KP I 23-24 Loko Brno B - Jundrov C"]
[Site "?"]
[Date "2023.11.12"]
[Round "12.6"]
[White "Vojtek, Pavel"]
[Black "Kobylka, Jan"]
[Result "0-1"]
[WhiteElo "1772"]
[BlackElo "1887"]
[PlyCount "84"]
[Source "Analyze This Ap"]

1. Nf3 Nf6 2. d4 d5 3. e3 e6 4. Bd3 Nbd7 5. O-O Bd6 6. b3 e5 7. dxe5 Nxe5 8.
Bb2 Bg4 9. Be2 Qe7 10. Nbd2 O-O 11. Bxe5 Bxe5 12. Nxe5 Bxe2 13. Nc6 Qc5 14.
Qxe2 Qxc6 15. Rac1 Rfe8 16. Nf3 Qc3 17. Qb5 a6 18. Qd3 Qa5 19. c4 Rad8 20. Qc3
Qxa2 21. Ra1 Qe2 22. Rfe1 Ne4 23. Rxe2 Nxc3 24. Rc2 Ne4 25. cxd5 Re7 26. Rd1 c6
27. Rc4 Nf6 28. d6 Red7 29. Rcd4 Ne8 30. e4 Rxd6 31. e5 Rxd4 32. Rxd4 Rxd4 33.
Nxd4 Nc7 34. Kf1 Ne6 35. Nf5 a5 36. Ke1 g6 37. Nd6 Nc5 38. Kd1 Kf8 39. Kc2 Ke7
40. Kc3 b5 41. f3 f6 42. Nc8+ Kd7 0-1

[Event "Jm KP I 23-24 Loko Brno B - Jundrov C"]
[Site "?"]
[Date "2023.11.12"]
[Round "12.7"]
[White "Lisik, Miroslav"]
[Black "Ulcak, Michael"]
[Result "0-1"]
[WhiteElo "1813"]
[BlackElo "1833"]
[PlyCount "50"]
[Source "Analyze This Ap"]

1. e4 e5 2. Nf3 Nc6 3. Bb5 Nf6 4. O-O Nxe4 5. Re1 Nd6 6. Ba4 Be7 7. Nc3 O-O 8.
Nd5 f6 9. Bb3 Kh8 10. d3 Nf5 11. d4 Nfxd4 12. Nxd4 Nxd4 13. Nxe7 Nxb3 14. axb3
Qxe7 15. Be3 b6 16. Qd5 c6 17. Qc4 Bb7 18. Qh4 Qf7 19. Ra4 d5 20. c3 c5 21. Rg4
d4 22. cxd4 exd4 23. Bc1 Rae8 24. Rf1 Ba6 25. Rd1 Qxb3 0-1

[Event "Jm KP I 23-24 Loko Brno B - Jundrov C"]
[Site "?"]
[Date "2023.11.12"]
[Round "12.8"]
[White "Tovarek, Antonin"]
[Black "Blazek, Pavel"]
[Result "1-0"]
[WhiteElo "1817"]
[BlackElo "1739"]
[PlyCount "103"]
[Source "Analyze This Ap"]

1. e4 e5 2. d4 exd4 3. Qxd4 Nc6 4. Qe3 Bb4+ 5. Nc3 Bxc3+ 6. Qxc3 Qf6 7. Bd2 d6
8. Bc4 Be6 9. O-O-O O-O-O 10. Bd5 Nce7 11. Qb3 Bxd5 12. exd5 Qxf2 13. Nh3 Qxg2
14. Nf4 Qf2 15. Qh3+ Nf5 16. Qxf5+ Rd7 17. Qg4 f6 18. Ne6 f5 19. Qc4 Nf6 20.
Rdf1 Qg2 21. Nf4 Qe4 22. Qb3 Qe7 23. Ne6 Re8 24. Rxf5 Nxd5 25. Nxg7 Qxg7 26.
Qxd5 Re5 27. Qf3 Rxf5 28. Qxf5 Qf7 29. Qxf7 Rxf7 30. h4 Kd7 31. b3 Kc6 32. Bg5
Kd5 33. Re1 h5 34. Kb2 b5 35. Re7 Rxe7 36. Bxe7 Ke6 37. Bg5 c5 38. Kc3 d5 39.
Kd2 Ke5 40. c3 d4 41. cxd4+ Kxd4 42. Be3+ Kd5 43. b4 a6 44. bxc5 a5 45. Kc3 Ke5
46. c6 Kd6 47. Bb6 Kxc6 48. Bxa5 Kc5 49. Bb4+ Kd5 50. a3 Ke4 51. Bf8 Kd5 52.
Kb4 1-0

[Event "Jm KP I 23-24 Jundrov C-Loko Brno A"]
[Site "?"]
[Date "2023.11.26"]
[Round "13.1"]
[White "Bednar, Jakub"]
[Black "Volak, Simon"]
[Result "1/2-1/2"]
[WhiteElo "2236"]
[BlackElo "2122"]
[PlyCount "26"]
[EventDate "2023.11.30"]

{[%evp 0,26,19,-12,-27,-33,-26,-38,6,9,9,19,19,19,19,4,46,31,54,28,65,29,53,60,
43,56,49,53,38]} 1. c4 1... e5 2. Nc3 Nf6 3. g3 c6 4. Nf3 e4 5. Nd4 d5 6. cxd5
cxd5 7. d3 Bc5 8. Nb3 Bb6 9. Bg2 Bf5 10. dxe4 Nxe4 11. Nxe4 Bxe4 12. Bxe4 dxe4
13. Qxd8+ Kxd8 1/2-1/2

[Event "Jm KP I 23-24 Jundrov C-Loko Brno A"]
[Site "?"]
[Date "2023.11.26"]
[Round "13.2"]
[White "Meduna, Eduard"]
[Black "Slepov, Cyril"]
[Result "0-1"]
[WhiteElo "2115"]
[BlackElo "2078"]
[PlyCount "42"]

{[%evp 0,42,24,14,69,46,62,18,26,14,69,74,60,47,92,43,43,8,45,17,2,-7,31,33,89,
-53,-49,-77,-83,-101,-63,-63,-70,-75,-85,-82,-99,-99,-61,-73,-46,-183,-159,
-465,-491]} 1. e4 1... c5 2. Nf3 Nc6 3. d4 cxd4 4. Nxd4 g6 5. Nc3 Bg7 6. Be3
Nf6 7. Bc4 O-O 8. Nxc6 bxc6 9. e5 Ne8 10. f4 Qa5 11. O-O d6 12. exd6 Nxd6 13.
Bb3 Ba6 14. Re1 Nc4 15. Bxc4 Bxc4 16. Qf3 Rab8 17. Qxc6 Rfc8 18. Qd7 Rc7 19.
Qd2 Rcb7 20. Qf2 Rxb2 21. Bd4 Rxc2 0-1

[Event "Jm KP I 23-24 Jundrov C-Loko Brno A"]
[Site "?"]
[Date "2023.11.26"]
[Round "13.3"]
[White "Masak, Pavel"]
[Black "Cermak, Jan"]
[Result "1-0"]
[WhiteElo "2076"]
[BlackElo "2018"]
[PlyCount "85"]

{[%evp 0,85,17,36,29,22,28,19,21,29,49,51,43,33,47,11,47,11,18,5,5,-14,35,11,
-8,-18,-21,-16,6,11,10,13,20,-8,5,5,6,0,0,0,-4,0,11,16,3,0,24,-4,0,-8,0,-6,-6,
-2,-2,-12,-4,-8,1,-8,31,31,52,63,110,48,62,129,206,213,239,227,227,67,94,56,
134,134,159,181,473,532,859,699,1117,1117,29991,29992]} 1. d4 1... d5 2. Nf3
Nf6 3. e3 g6 4. c4 c6 5. Nc3 Bg7 6. Qb3 O-O 7. Be2 e6 8. O-O b6 9. a4 a5 10.
Rd1 Ba6 11. Bd2 Nbd7 12. Be1 Qe7 13. Rac1 Qb4 14. Qc2 Qd6 15. b3 Qe7 16. cxd5
Bxe2 17. Nxe2 cxd5 18. Qd3 Rfc8 19. Rc2 Qd8 20. Rdc1 Ne4 21. Nc3 Nd6 22. Nb5
Nxb5 23. axb5 Rxc2 24. Qxc2 Bf8 25. Qc6 Ba3 26. Rc2 Be7 27. g3 Kf8 28. Kg2 Ra7
29. Bd2 Qb8 30. e4 dxe4 31. Bh6+ Ke8 32. Ne5 Bd8 33. Bf4 Qb7 34. Nc4 Be7 35.
Nd6+ Bxd6 36. Bxd6 Kd8 37. d5 exd5 38. Qc3 f6 39. Qd4 Qa8 40. Rc6 Ne5 41. Bxe5
fxe5 42. Qxe5 Re7 43. Qxd5+ 1-0

[Event "Jm KP I 23-24 Jundrov C-Loko Brno A"]
[Site "?"]
[Date "2023.11.26"]
[Round "13.4"]
[White "Hejny, Jaroslav"]
[Black "Svobodova, Michaela"]
[Result "1/2-1/2"]
[WhiteElo "1996"]
[BlackElo "1957"]
[PlyCount "25"]

{[%evp 0,25,22,16,23,29,12,13,42,31,48,40,44,44,44,44,34,34,61,68,68,44,33,-7,
43,45,64,51]} 1. e4 1... e5 2. Nf3 Nf6 3. Nc3 Bb4 4. Bc4 Nc6 5. d3 d5 6. exd5
Nxd5 7. Bd2 Bxc3 8. bxc3 Bg4 9. h3 Bh5 10. Qe2 O-O 11. O-O Qd6 12. Rfe1 Nf4 13.
Bxf4 1/2-1/2

[Event "Jm KP I 23-24 Jundrov C-Loko Brno A"]
[Site "?"]
[Date "2023.11.26"]
[Round "13.5"]
[White "Ruzicka, Frantisek"]
[Black "Straka, Vojtech"]
[Result "1/2-1/2"]
[WhiteElo "2029"]
[BlackElo "1986"]
[PlyCount "130"]

{[%evp 0,130,22,28,73,65,53,50,47,25,49,15,19,-12,20,-25,50,76,71,71,64,63,66,
54,87,71,71,18,23,7,100,36,76,-3,13,6,117,-43,-30,-40,0,-62,-51,-29,-23,-16,
-33,-56,-48,-38,-54,-70,-50,-73,-53,-71,-101,-108,0,-115,-42,-42,-34,-38,-44,
-52,-47,-38,-40,-37,-31,-44,-17,-14,-9,-6,-5,-5,26,43,74,76,76,76,91,46,87,56,
72,84,92,99,89,108,100,135,115,130,250,276,282,283,317,65,79,0,0,0,34,4,3,3,3,
4,0,0,31,40,20,0,4,0,0,0,0,0,0,0,0,0,0,0,0]} 1. e4 1... c6 2. d4 d5 3. Nc3 dxe4
4. Nxe4 Nd7 5. Bc4 Ngf6 6. Ng5 Nd5 7. Qe2 Qb6 8. N1f3 h6 9. Ne4 e6 10. O-O Be7
11. Bb3 Qc7 12. c4 N5f6 13. Ng3 O-O 14. Bd2 c5 15. Bc3 b6 16. Rad1 Ba6 17. Rfe1
Rac8 18. Rc1 Rfd8 19. Ne5 cxd4 20. Bxd4 Nc5 21. Bc3 Nxb3 22. axb3 Bb7 23. Nh5
Nxh5 24. Qxh5 Bf6 25. Ng4 Bxc3 26. Rxc3 Qf4 27. Rg3 Rc5 28. Qh4 Qd2 29. Rf1 Rg5
30. Ne3 Rxg3 31. hxg3 Qd4 32. Qxd4 Rxd4 33. Rd1 Rxd1+ 34. Nxd1 Be4 35. Ne3 f5
36. f3 Bd3 37. Kf2 g5 38. Ke1 f4 39. Kd2 Bg6 40. gxf4 gxf4 41. Ng4 Kg7 42. Ne5
Bf5 43. b4 Kf6 44. Nc6 e5 45. Nxa7 e4 46. c5 bxc5 47. bxc5 exf3 48. gxf3 Ke5
49. Nc6+ Kf6 50. b4 Be6 51. Ke2 Bd5 52. Nd4 Ke5 53. Nc2 h5 54. Ne1 Bc6 55. Ng2
Kf5 56. Kf2 Bb5 57. Ne1 h4 58. Nc2 Ke5 59. Na3 Bd3 60. b5 Kd5 61. c6 Kd6 62.
Kg2 Be2 63. Kh3 Bxf3 64. Nc4+ Kc7 65. Kxh4 Bxc6 1/2-1/2

[Event "Jm KP I 23-24 Jundrov C-Loko Brno A"]
[Site "?"]
[Date "2023.11.26"]
[Round "13.6"]
[White "Wunsch, Radek"]
[Black "Ruzicka, Martin"]
[Result "1-0"]
[WhiteElo "1949"]
[BlackElo "1931"]
[PlyCount "81"]

{[%evp 0,81,29,40,70,69,64,70,66,28,52,60,58,58,40,30,35,17,59,45,36,30,71,113,
40,55,144,33,77,117,104,118,118,131,223,205,202,202,202,210,223,205,201,204,
288,294,274,211,194,189,188,202,185,189,251,254,257,261,262,276,298,304,321,
463,537,571,571,450,450,457,467,470,457,472,469,459,487,482,666,604,643,561,
29987,29988]} 1. e4 1... c6 2. d4 d5 3. e5 c5 4. dxc5 Nc6 5. Nf3 Bg4 6. c3 e6
7. Be3 Bxf3 8. Qxf3 Nxe5 9. Bb5+ Nc6 10. c4 Nf6 11. Nc3 a6 12. Ba4 Be7 13. Rd1
O-O 14. cxd5 exd5 15. O-O Qa5 16. a3 Ne5 17. Qg3 Ng6 18. b4 Qd8 19. Bb3 Qc8 20.
Nxd5 Nxd5 21. Bxd5 a5 22. Qf3 Rb8 23. g3 axb4 24. axb4 Bf6 25. Bd4 Bxd4 26.
Rxd4 b6 27. c6 Qc7 28. b5 Ra8 29. Rfd1 Kh8 30. Be4 Ne5 31. Qf5 g6 32. Qf6+ Kg8
33. h3 Rae8 34. f4 Re6 35. Qh4 Nxc6 36. bxc6 b5 37. f5 Ree8 38. Kg2 Ra8 39. f6
Ra2+ 40. R1d2 Qa5 41. Qh6 1-0

[Event "Jm KP I 23-24 Jundrov C-Loko Brno A"]
[Site "?"]
[Date "2023.11.26"]
[Round "13.7"]
[White "Sipek, Oldrich"]
[Black "Zabloudil, Radek"]
[Result "0-1"]
[WhiteElo "1914"]
[BlackElo "1919"]
[PlyCount "60"]

{[%evp 0,60,40,28,62,35,18,8,17,12,15,28,71,37,47,29,37,3,-12,-21,-24,-27,-4,
-52,-29,-49,-63,-47,-35,-32,-28,-71,-71,-84,-66,-68,-56,-60,-51,-72,-59,-88,
-56,-105,-101,-98,-106,-118,-122,-190,-192,-196,-204,-407,-406,-552,-564,
-29995,-29996,-29997,-29998,-29999,-30000]} 1. e4 1... c5 2. d4 cxd4 3. c3 dxc3
4. Nxc3 Nc6 5. Bc4 g6 6. Nf3 Bg7 7. O-O d6 8. Qe2 Nf6 9. h3 O-O 10. Rd1 Qa5 11.
Nd5 Nxd5 12. Rxd5 Qc7 13. Rd1 Na5 14. Bd3 Be6 15. Ng5 Bc4 16. Be3 Bxd3 17. Rxd3
Nc6 18. Rc1 Qa5 19. a3 Qb5 20. Nf3 Rfc8 21. Qd2 Ne5 22. Nxe5 Bxe5 23. Rc2 Qa4
24. b3 Qxe4 25. Rxc8+ Rxc8 26. Bxa7 Rc2 27. Qe3 Bf4 28. Qxe4 Rc1+ 29. Rd1 Rxd1+
30. Qe1 Rxe1# 0-1

[Event "Jm KP I 23-24 Jundrov C-Loko Brno A"]
[Site "?"]
[Date "2023.11.26"]
[Round "13.8"]
[White "Vacekova, Anita"]
[Black "Ulcak, Michael"]
[Result "1/2-1/2"]
[WhiteElo "1558"]
[BlackElo "1833"]
[PlyCount "30"]

{[%evp 0,30,28,20,5,37,37,11,14,26,63,38,42,4,-9,-7,22,15,31,66,63,55,75,100,
110,170,198,242,246,275,268,264,264]} 1. e4 1... e5 2. Nf3 Nc6 3. Bb5 Nf6 4.
O-O Nxe4 5. Re1 Nd6 6. Nxe5 Be7 7. Bf1 O-O 8. d4 Bf6 9. c3 Nf5 10. Bd3 Nh4 11.
Nd2 Re8 12. Bxh7+ Kxh7 13. Qh5+ Kg8 14. Qxf7+ Kh7 15. Qh5+ Kg8 1/2-1/2

[Event "Jm KP I 23-24 Veseli-Loko Brno_B"]
[Site "?"]
[Date "2023.11.26"]
[Round "14.1"]
[White "Hudecek, Jan"]
[Black "Buchta, Vaclav"]
[Result "0-1"]
[WhiteElo "2209"]
[BlackElo "1923"]
[PlyCount "84"]

1. d4 Nf6 2. c4 e6 3. g3 c5 4. d5 exd5 5. cxd5 b5 6. e4 Nxe4 7. Bg2 Nd6 8. Ne2
Be7 9. O-O O-O 10. Nf4 Bb7 11. Nc3 Na6 12. a4 b4 13. Nb5 Nc7 14. Re1 Ncxb5 15.
axb5 Nxb5 16. Qe2 Nd4 17. Qxe7 Nc2 18. Qxd8 Rfxd8 19. Be3 d6 20. Rec1 Nxa1 21.
Rxa1 a5 22. Ra4 Bc8 23. Bf1 Bd7 24. Ra2 Rdb8 25. Ne2 Bb5 26. Nc1 c4 27. Ne2 c3
28. bxc3 b3 29. Rb2 a4 30. Nc1 Bxf1 31. Kxf1 a3 32. Rxb3 Rxb3 33. Nxb3 a2 34.
Ke2 Rb8 35. Na1 Rb1 36. Nc2 Rb2 37. Kd3 Rxc2 38. Kxc2 a1=Q 39. Kd3 Qh1 40. Kc4
Qe4+ 41. Bd4 Qb1 42. h4 Qa2+ 0-1

[Event "Jm KP I 23-24 Veseli-Loko Brno_B"]
[Site "?"]
[Date "2023.11.26"]
[Round "14.2"]
[White "Pribil, Rene"]
[Black "Uricar, Jakub"]
[Result "0-1"]
[WhiteElo "1864"]
[BlackElo "2120"]
[PlyCount "98"]

1. d4 e6 2. c4 Nf6 3. Nc3 d5 4. Nf3 Be7 5. Bg5 O-O 6. e3 b6 7. Be2 Bb7 8. O-O
c5 9. cxd5 Nxd5 10. Bxe7 Qxe7 11. Nxd5 Bxd5 12. dxc5 bxc5 13. Qc2 Qb7 14. Ne1
Nd7 15. Bf3 Ne5 16. Bxd5 Qxd5 17. Qc3 Rfd8 18. b3 f6 19. f4 Nf7 20. Nf3 Rac8
21. Rac1 Nh6 22. Rf2 Qe4 23. Nd2 Qg6 24. Qc4 Qf7 25. Ne4 Nf5 26. Re2 Nd6 27.
Nxd6 Rxd6 28. Rec2 Qh5 29. Qe2 Qd5 30. b4 Rdc6 31. Qc4 Qh5 32. bxc5 Rd8 33. Qe2
Qd5 34. Kf2 Rdc8 35. Rd1 Qf5 36. g4 Qe4 37. Qc4 Qg6 38. h3 f5 39. g5 Qh5 40.
Rh1 Qh4+ 41. Kg2 Qh5 42. Qd4 h6 43. gxh6 e5 44. fxe5 f4 45. Kh2 Rxh6 46. Qd5+
Kh8 47. exf4 Qxh3+ 48. Kg1 Qg3+ 49. Qg2 Qe1+ 0-1

[Event "Jm KP I 23-24 Veseli-Loko Brno_B"]
[Site "?"]
[Date "2023.11.26"]
[Round "14.3"]
[White "Symersky, Petr"]
[Black "Vesely, Jaromir"]
[Result "1/2-1/2"]
[WhiteElo "2096"]
[BlackElo "1902"]
[PlyCount "71"]

1. d4 d5 2. Nf3 e6 3. c4 f5 4. g3 Nf6 5. Bg2 c6 6. O-O Bd6 7. Nc3 O-O 8. Rb1
Nbd7 9. b4 Ne4 10. Qc2 Qe7 11. b5 Ndf6 12. Ng5 Bd7 13. a4 h6 14. Ngxe4 fxe4 15.
c5 Bb8 16. Qb3 Kh8 17. bxc6 Bxc6 18. Nb5 e5 19. Bb2 exd4 20. Nxd4 Be5 21. e3
Ng4 22. Qc2 Bxd4 23. exd4 e3 24. h3 Nxf2 25. Rbe1 Rae8 26. Bc1 Qg5 27. Kh2 Ne4
28. Rxf8+ Rxf8 29. Rxe3 Rf2 30. Qd1 Qf6 31. Rf3 Rxf3 32. Qxf3 Bxa4 33. Qg4 Qxd4
34. Qc8+ Kh7 35. Qf5+ Kg8 36. Qc8+ 1/2-1/2

[Event "Jm KP I 23-24 Veseli-Loko Brno_B"]
[Site "?"]
[Date "2023.11.26"]
[Round "14.4"]
[White "Marsa, Alexandr"]
[Black "Skalka, Jan"]
[Result "1-0"]
[WhiteElo "1905"]
[BlackElo "1971"]
[PlyCount "38"]

1. d4 Nf6 2. c4 g6 3. Nc3 d5 4. Bf4 Bg7 5. e3 O-O 6. Qb3 c5 7. cxd5 cxd4 8.
exd4 Qa5 9. Be2 Rd8 10. Bf3 Na6 11. a3 Bg4 12. Bxg4 Nxg4 13. Nge2 Nc7 14. Qxb7
Nxd5 15. b4 Qb6 16. Qxb6 axb6 17. Nxd5 Rxd5 18. h3 Bxd4 19. Nxd4 19... Rxd4 {
dale necitelne} 1-0

[Event "Jm KP I 23-24 Veseli-Loko Brno_B"]
[Site "?"]
[Date "2023.11.26"]
[Round "14.5"]
[White "Vrtal, Jaroslav"]
[Black "Lisik, Miroslav"]
[Result "1-0"]
[WhiteElo "1951"]
[BlackElo "1813"]
[PlyCount "63"]

1. d4 Nf6 2. Nf3 g6 3. g3 Bg7 4. Bg2 O-O 5. O-O d6 6. c4 Nbd7 7. Nc3 e5 8. e4
Re8 9. h3 c6 10. Be3 exd4 11. Nxd4 Nc5 12. f3 a5 13. Qd2 a4 14. Rad1 Qa5 15.
Kh2 a3 16. b3 d5 17. cxd5 cxd5 18. exd5 Bd7 19. Rfe1 Rad8 20. Bf2 Na6 21. Rxe8+
Bxe8 22. f4 Nc7 23. Qe1 Kf8 24. Nde2 b5 25. Bc5+ Kg8 26. b4 Qa6 27. Nd4 Nd7 28.
d6 Na8 29. Nc6 Rc8 30. Ne7+ Kh8 31. Nxc8 Qxc8 32. Qe3 1-0

[Event "Jm KP I 23-24 Veseli-Loko Brno_B"]
[Site "?"]
[Date "2023.11.26"]
[Round "14.6"]
[White "Lapunik, Pavel"]
[Black "Krizek, Frantisek"]
[Result "1-0"]
[WhiteElo "1467"]
[BlackElo "1951"]
[PlyCount "69"]

1. d4 c5 2. Nf3 cxd4 3. Nxd4 Nf6 4. Nc3 Nc6 5. e4 d6 6. Be3 g6 7. Be2 Bg7 8. f4
Bd7 9. Qd2 Rc8 10. O-O O-O 11. Rad1 a6 12. f5 Ne5 13. Bh6 Rxc3 14. bxc3 Nxe4
15. Qe3 Nxc3 16. Qxc3 Bxh6 17. Qg3 Bg7 18. fxg6 hxg6 19. h4 Qb6 20. Kh1 Nc6 21.
Nf3 Nd4 22. Nxd4 Bxd4 23. Bd3 Kg7 24. h5 Bf6 25. Rf2 Rh8 26. Bxg6 Be5 27. Rxf7+
Kh6 28. Qh4 Bc6 29. Qg4 Qe3 30. Rdf1 Qg5 31. Qxg5+ Kxg5 32. Rxe7 Be4 33. Rxe5+
dxe5 34. Bxe4 Rxh5+ 35. Kg1 1-0

[Event "Jm KP I 23-24 Veseli-Loko Brno_B"]
[Site "?"]
[Date "2023.11.26"]
[Round "14.7"]
[White "Klenner, Richard"]
[Black "Slegl, Milan"]
[Result "1-0"]
[WhiteElo "1950"]
[BlackElo "1376"]
[PlyCount "51"]

1. e4 c6 2. Nf3 d5 3. exd5 cxd5 4. d4 Bf5 5. Be2 Qc7 6. c3 Nc6 7. O-O e6 8. Nh4
Bg6 9. f4 Bd6 10. c4 dxc4 11. d5 exd5 12. Qxd5 Nge7 13. Qxc4 Qb6+ 14. Kh1 Bxb1
15. Rxb1 Qd4 16. Nf3 Qxc4 17. Bxc4 O-O 18. a3 Rad8 19. g3 a6 20. b4 b5 21. Ba2
h6 22. Be3 Nf5 23. Bb6 Rb8 24. Bf2 Bc7 25. Rbc1 Nfe7 26. Bc5 1-0

[Event "Jm KP I 23-24 Veseli-Loko Brno_B"]
[Site "?"]
[Date "2023.11.26"]
[Round "14.8"]
[White "Stoudek, Michal"]
[Black "Vicar, Lubos"]
[Result "1/2-1/2"]
[WhiteElo "1414"]
[BlackElo "1782"]
[PlyCount "127"]

1. c4 e6 2. d4 d5 3. Nc3 Nf6 4. h3 Bb4 5. cxd5 Nxd5 6. Bd2 O-O 7. Nf3 Nd7 8. e3
Re8 9. Rc1 c6 10. Bd3 e5 11. dxe5 Nxe5 12. Nxe5 Rxe5 13. O-O Nxc3 14. Bxc3 Rd5
15. Bxb4 Rxd3 16. Qe2 Be6 17. b3 a5 18. Bc3 a4 19. Rfd1 Rxd1+ 20. Rxd1 Qg5 21.
Kh2 axb3 22. axb3 Bxb3 23. Rb1 Bd5 24. e4 Qf4+ 25. g3 Qxe4 26. Qxe4 Bxe4 27.
Rxb7 h5 28. Rc7 Ra2 29. Re7 Bd5 30. Re8+ Kh7 31. Be1 Bf3 32. Kg1 Ra1 33. Kf1
Bd5 34. Ke2 Be6 35. h4 c5 36. Re7 c4 37. Rc7 Bg4+ 38. f3 Ra2+ 39. Ke3 Be6 40.
Kf4 Ra8 41. Bc3 Rd8 42. Rc5 g6 43. Bf6 Rd5 44. Rxd5 Bxd5 45. g4 hxg4 46. fxg4
Kg8 47. g5 Kf8 48. Ke5 Be6 49. Kd6 Ke8 50. Kc7 Bg4 51. Kd6 Bf3 52. Kc7 Bg4 53.
Kd6 Bf3 54. Kc7 c3 55. Bxc3 Ke7 56. Bf6+ Ke6 57. Kd8 Kf5 58. Ke7 Bd5 59. Kf8
Kg4 60. Kg7 Kxh4 61. Kf8 Kg4 62. Ke7 Kf5 63. Kd6 Ba2 64. Kc5 1/2-1/2

[Event "Jm KP I 23-24 Lipovec-Duras B"]
[Site "?"]
[Date "2023.11.26"]
[Round "15.1"]
[White "Fojtik, Tomas"]
[Black "Tikovsky, Alexandr"]
[Result "1/2-1/2"]
[WhiteElo "2041"]
[BlackElo "2100"]
[PlyCount "77"]
[EventDate "2023.12.02"]

1. c4 g6 2. Nf3 Bg7 3. g3 c5 4. Bg2 Nc6 5. Nc3 d6 6. O-O e6 7. a3 Nge7 8. d3
O-O 9. Bd2 b6 10. Rb1 Bb7 11. b4 Qd7 12. e4 Rad8 13. Qb3 Ba8 14. Rfd1 Kh8 15.
Ne2 Ng8 16. Be3 e5 17. Nc3 f5 18. Nd5 fxe4 19. dxe4 Nd4 20. Nxd4 cxd4 21. Bg5
Rc8 22. Rbc1 Bxd5 23. cxd5 Qg4 24. Rxc8 Rxc8 25. Bd2 Bh6 26. f3 Qd7 27. f4 Rc7
28. h3 Kg7 29. Rf1 Nf6 30. Qd3 Nh5 31. Kh2 Qa4 32. fxe5 dxe5 33. Bxh6+ Kxh6 34.
Qd2+ Kg7 35. Qg5 Qe8 36. Bf3 Qe7 37. Qxe7+ Rxe7 38. Bxh5 gxh5 39. Rc1 1/2-1/2

[Event "Jm KP I 23-24 Lipovec-Duras B"]
[Site "?"]
[Date "2023.11.26"]
[Round "15.2"]
[White "Novy, Martin"]
[Black "Pernicova, Tana"]
[Result "1-0"]
[WhiteElo "2074"]
[BlackElo "2024"]
[PlyCount "82"]
[EventDate "2023.12.02"]

1. e4 c5 2. c3 e6 3. Nf3 Nc6 4. d4 d5 5. exd5 exd5 6. Be2 h6 7. Be3 cxd4 8.
cxd4 Nf6 9. O-O Bd6 10. Nc3 O-O 11. Qb3 Na5 12. Qc2 Bg4 13. Rad1 Rc8 14. h3 Bh5
15. Ne5 Bxe2 16. Qxe2 Re8 17. Qf3 Bb8 18. Rfe1 Nc4 19. Nxc4 Rxc4 20. Rc1 Qd6
21. g3 Qc6 22. Qf5 b5 23. Qd3 Qd7 24. Kg2 a6 25. b3 Rc6 26. Bd2 Rec8 27. Ne2
Ne4 28. Rxc6 Rxc6 29. Rc1 Rf6 30. Be3 Qf5 31. Ng1 Bd6 32. Qc2 Kh7 33. g4 Rg6
34. f3 h5 35. Qc8 Qxc8 36. Rxc8 hxg4 37. hxg4 Nf6 38. Nh3 Nxg4 39. Ng5+ Rxg5
40. Bxg5 Nh6 41. Bxh6 gxh6 1-0

[Event "Jm KP I 23-24 Lipovec-Duras B"]
[Site "?"]
[Date "2023.11.26"]
[Round "15.3"]
[White "Pokladnik, Martin"]
[Black "Fencl, Vaclav"]
[Result "1-0"]
[WhiteElo "1996"]
[BlackElo "1864"]
[PlyCount "76"]
[EventDate "2023.12.02"]

1. e4 e5 2. Nf3 d6 3. d4 Nf6 4. dxe5 Nxe4 5. Qd5 Nc5 6. Bg5 Be7 7. exd6 Qxd6 8.
Nc3 c6 9. Qxd6 Bxd6 10. O-O-O Bc7 11. Bc4 Ne6 12. Bxe6 fxe6 13. Ne4 O-O 14. Nd6
Na6 15. Be7 Bxd6 16. Rxd6 Re8 17. Ne5 Nc7 18. Bh4 Nd5 19. Rd1 Nf6 20. g4 Kf8
21. R1d3 h6 22. c4 g5 23. Bg3 Ne4 24. Rf3+ Kg8 25. Rd4 Nxg3 26. fxg3 Rf8 27.
Rxf8+ Kxf8 28. Rd8+ Ke7 29. Rh8 Kf6 30. Nd7+ Kg7 31. Rd8 b6 32. c5 Bb7 33. Rxa8
Bxa8 34. cxb6 axb6 35. Nxb6 Bb7 36. Nd7 Ba6 37. Nc5 Bc4 38. a4 e5 1-0

[Event "Jm KP I 23-24 Lipovec-Duras B"]
[Site "?"]
[Date "2023.11.26"]
[Round "15.4"]
[White "Tuma, Miroslav"]
[Black "Balaz, Frantisek"]
[Result "1/2-1/2"]
[WhiteElo "1833"]
[BlackElo "1922"]
[PlyCount "24"]
[EventDate "2023.12.02"]

1. e4 g6 2. d4 Bg7 3. f4 d6 4. Nf3 Bg4 5. c3 Nf6 6. Bd3 Nbd7 7. Nbd2 O-O 8. h3
Bxf3 9. Nxf3 c5 10. Be3 cxd4 11. cxd4 Qa5+ 12. Qd2 Qxd2+ 1/2-1/2

[Event "Jm KP I 23-24 Lipovec-Duras B"]
[Site "?"]
[Date "2023.11.26"]
[Round "15.5"]
[White "Krejci, Petr"]
[Black "Zuziak, Petr"]
[Result "1/2-1/2"]
[WhiteElo "1812"]
[BlackElo "1783"]
[PlyCount "74"]
[EventDate "2023.12.02"]

1. e4 e5 2. Nf3 Nc6 3. Bb5 Nge7 4. O-O g6 5. d4 exd4 6. Nxd4 Bg7 7. Be3 O-O 8.
Nc3 d6 9. Re1 Bd7 10. Be2 Nxd4 11. Bxd4 Nc6 12. Bxg7 Kxg7 13. Qd2 Be6 14. Rad1
Re8 15. h3 f6 16. f4 Bf7 17. Bf3 a6 18. Nd5 Rc8 19. Qc3 Bxd5 20. Rxd5 Qe7 21.
Qb3 Rb8 22. Qc3 Qf7 23. Rdd1 Rbd8 24. a3 Qe6 25. e5 dxe5 26. Bxc6 Rxd1 27. Rxd1
bxc6 28. fxe5 fxe5 29. Qd3 Re7 30. Qxa6 e4 31. Qe2 Qe5 32. c3 e3 33. Rd3 c5 34.
c4 c6 35. a4 Qe4 36. b3 Qe5 37. Rd8 Rf7 1/2-1/2

[Event "Jm KP I 23-24 Lipovec-Duras B"]
[Site "?"]
[Date "2023.11.26"]
[Round "15.6"]
[White "Hyrs, Martin"]
[Black "Sekanina, Jiri"]
[Result "0-1"]
[WhiteElo "1849"]
[BlackElo "1940"]
[PlyCount "100"]
[EventDate "2023.12.02"]

1. Nf3 g6 2. c4 Bg7 3. Nc3 e5 4. d4 exd4 5. Nxd4 Nf6 6. e4 O-O 7. Be2 Re8 8. f3
c6 9. Nc2 Na6 10. Be3 b6 11. Qd2 Nc7 12. Rd1 Bb7 13. Bg5 d5 14. cxd5 cxd5 15.
exd5 Ncxd5 16. Nxd5 Qxd5 17. Nb4 Qc4 18. Rc1 Rxe2+ 19. Qxe2 Qxb4+ 20. Kf2 Re8
21. Qd2 Qxd2+ 22. Bxd2 Nd5 23. Bc3 Nxc3 24. bxc3 Ba6 25. Rhe1 Rxe1 26. Kxe1 Bc4
27. a3 a5 28. Kd1 b5 29. Kc2 Kf8 30. Re1 f5 31. f4 Kf7 32. g3 a4 33. Kb2 Bd5
34. Re2 Be4 35. Rd2 Ke7 36. Rd1 Bf6 37. h4 h6 38. Rd2 g5 39. hxg5 hxg5 40. Re2
gxf4 41. gxf4 Ke6 42. Rd2 Be7 43. Rh2 Bd6 44. Rf2 Kd5 45. Rd2+ Kc5 46. Rf2 Kc4
47. Rf1 Bc5 48. Rd1 Be3 49. Rf1 Kd3 50. Rd1+ Bd2 0-1

[Event "Jm KP I 23-24 Lipovec-Duras B"]
[Site "?"]
[Date "2023.11.26"]
[Round "15.7"]
[White "Mraz, Pavel"]
[Black "Mencik, Pavel"]
[Result "1/2-1/2"]
[WhiteElo "1887"]
[BlackElo "1717"]
[PlyCount "110"]
[EventDate "2023.12.02"]

1. e4 e5 2. Nc3 Nc6 3. Bc4 Nf6 4. d3 Bb4 5. Bg5 h6 6. Bh4 g5 7. Bg3 d6 8. Nge2
Nd4 9. O-O Bc5 10. Rb1 Bg4 11. Kh1 c6 12. f3 Bh5 13. b4 Bb6 14. Nxd4 Bxd4 15.
Qd2 b5 16. Bb3 Qb6 17. Nd1 Qc7 18. c3 Bb6 19. d4 Rd8 20. Ne3 Bg6 21. Nf5 Bxf5
22. exf5 Nh5 23. Bf2 Qd7 24. dxe5 dxe5 25. Qe2 Qxf5 26. Bxb6 axb6 27. Rfe1 f6
28. Bc2 Qf4 29. Bg6+ Ke7 30. Bxh5 Rd2 31. Qe4 Qxe4 32. fxe4 Ra8 33. Ra1 Ra3 34.
Rec1 Kd6 35. Rd1 Rxd1+ 36. Rxd1+ Kc7 37. Rd3 Rxa2 38. h3 Ra1+ 39. Kh2 Re1 40.
Bg6 c5 41. Bf5 Rb1 42. Rd7+ Kc6 43. Rd5 cxb4 44. Bd7+ Kc7 45. cxb4 Rxb4 46. Bf5
Kc6 47. Kg3 Rd4 48. Bd7+ Kc7 49. Bxb5 Rxe4 50. Rd7+ Kc8 51. Rd6 Rf4 52. Rxb6 h5
53. Rc6+ Kd8 54. Rc5 h4+ 55. Kh2 e4 1/2-1/2

[Event "Jm KP I 23-24 Lipovec-Duras B"]
[Site "?"]
[Date "2023.11.26"]
[Round "15.8"]
[White "Luc, Martin"]
[Black "Sevcik, Lubos"]
[Result "1-0"]
[WhiteElo "1507"]
[BlackElo "1647"]
[PlyCount "82"]
[EventDate "2023.12.02"]

1. e4 e6 2. d4 d5 3. Nd2 dxe4 4. Nxe4 Nc6 5. Nf3 Be7 6. c3 Nf6 7. Bd3 Bd7 8.
Qc2 g6 9. Bd2 O-O 10. Bh6 Re8 11. Nxf6+ Bxf6 12. O-O-O Ne7 13. Ne5 Nf5 14. Bd2
Bg7 15. g4 Ne7 16. h4 c5 17. Nxd7 Qxd7 18. dxc5 Qc6 19. Bg5 Qxc5 20. Rdg1 Rac8
21. Bxe7 Rxe7 22. h5 Qg5+ 23. Kb1 Bh6 24. hxg6 hxg6 25. f4 Qxf4 26. Bxg6 Qg5
27. Bh7+ Kg7 28. Rh5 Qf4 29. g5 f5 30. gxf6+ Kxf6 31. Rg6+ Kf7 32. Rgxh6 Ke8
33. Bg6+ Kd7 34. Qd3+ Kc7 35. Rc5+ Kb8 36. Rxc8+ Kxc8 37. Rh8+ Kc7 38. Qd8+ Kc6
39. Qxe7 Qf1+ 40. Kc2 Qe2+ 41. Kb3 Qb5+ 1-0